Čínsko-japonská kultúrna tradícia a súčasnosť diplomová práca

Salvato in:
Dettagli Bibliografici
Autore principale: Trstenovič, Tomáš, 1988-
Ente Autore: Fakulta medzinárodných vzťahov EU. Katedra medzinárodných politických vzťahov
Altri autori: Zágoršeková, Marta
Natura: Libro
Lingua:slovacco
Pubblicazione: Bratislava 2012
Tags: Aggiungi Tag
Nessun Tag, puoi essere il primo ad aggiungerne!!

MARC

LEADER 00000nbm a2200000 4500
001 0152331
005 20161109102028.7
041 0 |a slo 
044 |a SK 
245 1 0 |a Čínsko-japonská kultúrna tradícia a súčasnosť  |b diplomová práca  |c Tomáš Trstenovič ; školiteľ: Marta Zágoršeková 
264 1 |a Bratislava  |c 2012 
300 |a 51 s. 
100 1 |a Trstenovič, Tomáš, 1988- 
700 1 |a Zágoršeková, Marta 
710 2 |a Fakulta medzinárodných vzťahov EU. Katedra medzinárodných politických vzťahov